Explanation in linguistics : the logical problem of language acquisition /

Bibliographic Details
Other Authors: Hornstein, Norbert, Lightfoot, David, 1945-
Format: Book
Language:English
Published: London ; New York : Longman, 1981.
Series:Longman linguistics library ; no. 25.
Subjects:

MARC

Tag First Indicator Second Indicator Subfields
LEADER 00000pam a2200000 a 4500
001 in00000085978
005 20160129094310.0
008 800609s1981 enka b 00100 engm
010 |a  80040300  
015 |a GB81 
019 |a 8078670 
020 |a 0582291143 :  |c 15.00 
020 |a 0582291151 (pbk.) :  |c 9.95 
035 |a (OCoLC)06487812 
035 |9 AAK4087AM 
040 |a DLC  |c DLC  |d m.c.  |d TXA  |d UtOrBLW 
049 |a TXAM  |c [933171] 
050 0 0 |a P118  |b .E89 
082 0 |a 401/.9 
245 0 0 |a Explanation in linguistics :  |b the logical problem of language acquisition /  |c edited by Norbert Hornstein and David Lightfoot. 
264 1 |a London ;  |a New York :  |b Longman,  |c 1981. 
300 |a 288 pages :  |b illustrations ;  |c 22 cm. 
336 |a text  |b txt  |2 rdacontent 
337 |a unmediated  |b n  |2 rdamedia 
338 |a volume  |b nc  |2 rdacarrier 
490 1 |a Longman linguistics library ;  |v no. 25 
500 |a Includes indexes. 
504 |a Bibliography: pages [272]-283. 
650 0 |a Language acquisition. 
650 0 |a Generative grammar. 
650 0 |a Linguistic analysis (Linguistics) 
700 1 |a Hornstein, Norbert. 
700 1 |a Lightfoot, David,  |d 1945- 
830 0 |a Longman linguistics library ;  |v no. 25. 
999 |a MARS 
999 f f |s bb45bdee-f562-38cc-9763-333f1a806dd3  |i f803fb0c-21cd-324b-bd5d-1c69471e5d63  |t 0 
952 f f |p ric  |a Texas A&M University  |b Rellis Campus  |c Joint Library Facility  |s JLF  |d Remote Storage  |t 0  |e P118 .E89  |h Library of Congress classification  |i unmediated -- volume  |m A14806172153 
998 f f |a P118 .E89  |t 0  |l Remote Storage